ბათუმის შოთა რუსთაველის სახელმწიფო უნივერსიტეტის ბიბლიოთეკა

პოემები. (ბიბ.ჩანაწერი № 50145)

000 -LEADER
fixed length control field 00829nam a2200217Ia 4500
001 - CONTROL NUMBER
control field 17083
003 - CONTROL NUMBER IDENTIFIER
control field GE_BSU
008 - FIXED-LENGTH DATA ELEMENTS--GENERAL INFORMATION
fixed length control field 181216s||||||||xx |||||||||||||| ||und||
040 ## - CATALOGING SOURCE
Transcribing agency GE_BSU
080 ## - UNIVERSAL DECIMAL CLASSIFICATION NUMBER
Universal Decimal Classification number 821.353.1-11
100 ## - MAIN ENTRY--PERSONAL NAME
Personal name აბაშიძე, გრიგოლ (1914-1994)
245 ## - TITLE STATEMENT
Title პოემები.
245 ## - TITLE STATEMENT
Statement of responsibility, etc. რედ.მ.არაბული
260 ## - PUBLICATION, DISTRIBUTION, ETC.
Place of publication, distribution, etc. თბილისი
260 ## - PUBLICATION, DISTRIBUTION, ETC.
Name of publisher, distributor, etc. ნაკადული
260 ## - PUBLICATION, DISTRIBUTION, ETC.
Date of publication, distribution, etc. 1982
300 ## - PHYSICAL DESCRIPTION
Extent 207გვ. ; 21სმ
653 ## - INDEX TERM--UNCONTROLLED
Uncontrolled term გიორგი მეექვსე; ძლევი ქედი; ზარზმის ზმანება; ფიქრები ენგურის ხეობაში; შავი ქალაქის გაზაფხული დედა
653 ## - INDEX TERM--UNCONTROLLED
Uncontrolled term პოემები
942 ## - ADDED ENTRY ELEMENTS (KOHA)
Koha item type წიგნი
ეგზემპლარები
Withdrawn status Lost status Damaged status Not for loan Date acquired Barcode Date last seen Price effective from Koha item type
        2018-12-17 21585 2018-12-17 2018-12-17 წიგნი